000 00509cam a22001817a 4500
008 180718b1956 xxu||||| |||| 00| 0 eng d
082 _aA99 A128
100 _aAlfieri, D.
245 _aDictators face to face
_cby D. Alfieri and David Moore
260 _aNew York
_bNew York Univ. Press
_c1956
300 _a307p.
500 _a$4.95
650 _aItaly - History
650 _aGermany - History
650 _aMussolini Benito. 1883-1945
650 _aHitler. Adolf, 1889-1945
700 _aMoore, David
999 _c357422
_d357422